Gounod; (Record no. 110352)
[ view plain ]
| 000 -LEADER | |
|---|---|
| campo de control de longitud fija | 00796cam a2200265I 4500 |
| 001 - NÚMERO DE CONTROL | |
| campo de control | 45181 |
| 005 - FECHA Y HORA DE LA ÚLTIMA TRANSACCIÓN | |
| campo de control | 20230411085957.0 |
| 008 - DATOS DE LONGITUD FIJA--INFORMACIÓN GENERAL | |
| campo de control de longitud fija | 770705s1942 ag ag b 000 0 spa d |
| 035 ## - NÚMERO DE CONTROL DEL SISTEMA | |
| Número de control de sistema | (OCoLC)ocm03091649 |
| 040 ## - FUENTE DE CATALOGACIÓN | |
| Centro catalogador/agencia de origen | TXU |
| Centro/agencia transcriptor | TXU |
| Centro/agencia modificador | OCL |
| -- | OCLCQ |
| 035 ## - NÚMERO DE CONTROL DEL SISTEMA | |
| Número de control de sistema | (OCoLC)3091649 |
| 090 ## - LOCALMENTE ASIGNADO TIPO-LC NÚMERO DE CLASIFICACIÓN (OCLC); NÚMERO DE CLASIFICACIÓN LOCAL (RLIN) | |
| Número de clasificación (OCLC) (R) ; Numero de clasificación, CALL (RLIN) (NR) | ML410.G7 |
| Número cutter local (OCLC) ; Número de libro/Signatura topográfica íntegra, CALL (RLIN) | B433g,1942 |
| 049 ## - FONDOS LOCALES (OCLC) | |
| Biblioteca depositaria | GRAL |
| 100 1# - ENTRADA PRINCIPAL--NOMBRE DE PERSONA | |
| Nombre de persona | Bellaigue, Camilio, |
| Fechas asociadas al nombre | 1858- |
| 245 10 - MENCIÓN DEL TÍTULO | |
| Título | Gounod; |
| Mención de responsabilidad, etc. | Traducción de Pedro E.F. Labrousse. |
| 260 ## - PUBLICACIÓN, DISTRIBUCIÓN, ETC. | |
| Lugar de publicación, distribución, etc. | Buenos Aires, |
| Nombre del editor, distribuidor, etc. | Editorial Tor |
| Fecha de publicación, distribución, etc. | [1942] |
| 300 ## - DESCRIPCIÓN FÍSICA | |
| Extensión | 189 p. |
| Otras características físicas | illus. (music) |
| Dimensiones | 19 cm. |
| 500 ## - NOTA GENERAL | |
| Nota general | "Catálogo de la obra de Carlos Gounod": p. 179-188. |
| 504 ## - NOTA DE BIBLIOGRAFÍA, ETC. | |
| Nota de bibliografía, etc. | "Bibliografía": p. 189. |
| 600 10 - PUNTO DE ACCESO ADICIONAL DE MATERIA--NOMBRE DE PERSONA | |
| Nombre de persona | Gounod, Charles, |
| Fechas asociadas al nombre | 1818-1893. |
| 700 1# - ENTRADA AGREGADA--NOMBRE PERSONAL | |
| Nombre de persona | Labrousse, Pedro E. F., |
| Término indicativo de función/relación | tr. |
| 942 ## - ELEMENTOS DE ENTRADA SECUNDARIOS (KOHA) | |
| Fuente del sistema de clasificación o colocación | Clasificación de Library of Congress |
| Tipo de ítem Koha | |
| 946 ## - PROCESAMIENTO DE INFORMACIÓN LOCAL (OCLC) | |
| a | mjcruz |
| 994 ## - | |
| -- | C0 |
| -- | DRFGD |
| Estatus retirado | Estado de pérdida | Fuente del sistema de clasificación o colocación | Estado de daño | No para préstamo | Colección | Biblioteca de origen | Biblioteca actual | Ubicación en estantería | Fecha de adquisición | Código de barras | Visto por última vez | Copia número | Tipo de ítem Koha |
|---|---|---|---|---|---|---|---|---|---|---|---|---|---|
| Clasificación de Library of Congress | Automatización y Procesos Técnicos | Biblioteca Juan Bosch | Biblioteca Juan Bosch | Automatización y Procesos Técnicos (1er. Piso) | 11/04/2023 | 00000045612 | 17/02/2019 | 1 |
